Novelas escogidas / (Record no. 23508)

MARC details
000 -LEADER
campo de control de longitud fija 00695nam a2200193 i 4500
001 - NÚMERO DE CONTROL
campo de control 23508
003 - IDENTIFICADOR DE NÚMERO DE CONTROL
campo de control ES-MaACL
005 - FECHA Y HORA DE LA ÚLTIMA TRANSACCIÓN
campo de control 20260203063028.0
007 - CAMPO FIJO DE DESCRIPCIÓN FÍSICA--INFORMACIÓN GENERAL
campo de control de longitud fija t|
008 - DATOS DE LONGITUD FIJA--INFORMACIÓN GENERAL
campo de control de longitud fija 021210s1959 sp ||||1| spa d
100 1# - ENTRADA PRINCIPAL--NOMBRE DE PERSONA
Nombre de persona Allingham, Margery,
Fechas asociadas al nombre 1904-1966
9 (RLIN) 20041
245 10 - MENCIÓN DEL TÍTULO
Título Novelas escogidas /
Mención de responsabilidad, etc. Margery Allingham ; prólogo de Salvador Bordoy Luque.
260 ## - PUBLICACIÓN, DISTRIBUCIÓN, ETC.
Lugar de publicación, distribución, etc. Madrid :
Nombre del editor, distribuidor, etc. Aguilar,
Fecha de publicación, distribución, etc. 1959.
300 ## - DESCRIPCIÓN FÍSICA
Extensión 1275 p. :
Otras características físicas 1 h. lam. retr. autora ;
Dimensiones 20 cm.
505 8# - NOTA DE CONTENIDO CON FORMATO
Nota de contenido con formato Contiene:El cáliz de los Gyrth. Mystery Mile. Duelo en el ballet. Plumas negras. El caso del difunto Pig
700 1# - ENTRADA AGREGADA--NOMBRE PERSONAL
Nombre de persona Bordoy Luque, Salvador.
9 (RLIN) 30424
852 ## - LOCALIZACIÓN
Ubicación ES-MaACL
Número de control de estantería P-720
Sublocalización o colección R.44763
Holdings
Estatus retirado Estado de pérdida Estado de daño No para préstamo Biblioteca de origen Biblioteca actual Ubicación en estantería Fecha de adquisición Fuente de adquisición Total de préstamos Signatura topográfica completa Código de barras Visto por última vez Precio de reemplazo Tipo de ítem Koha
        Biblioteca del Ateneo de Madrid Biblioteca del Ateneo de Madrid Depósito 2 17/01/2008     P-720 1024223 23/02/2023 23/02/2023 Libro impreso